000 00324nam a2200109Ia 4500
008 171211s9999 xx 000 0 und d
245 4 _aThe Ultimate Metabolism Diet: Eat Right for Your Metabolic Type
245 _cScott Rigden
260 _c2008
650 _xFITNESS
856 _uhttp://down.ebook777.com/062/0897935101.pdf
999 _c349075
_d349075